Kluby Premier League z największą ilością zwycięstw w historii - Statystyki

Ogólne statystyki
  • Ten quiz został rozwiązany 152 razy
  • Średni wynik to 13 z 20
Statystyki odpowiedzi
Liczba
zwycięstw
Nazwa klubu % Poprawnych
639 Liverpool
98%
735 Manchester United
98%
657 Arsenal
97%
635 Chelsea
97%
511 Manchester City
97%
531 Tottenham Hotspur
90%
384 Aston Villa
85%
410 Newcastle United
76%
434 Everton
73%
355 West Ham United
72%
218 Leicester City
61%
280 Southampton
58%
223 Leeds United
54%
160 Crystal Palace
49%
262 Blackburn Rovers
45%
183 Fulham
42%
153 Sunderland
40%
149 Bolton Wanderers
23%
165 Middlesbrough
10%
117 West Bromwich Albion
8%
Nie znaleziono quizów pasujących do podanych kryteriów
Rozkład punktacji
Procent ludzi z każdym wynikiem
Percentyl według liczby udzielonych odpowiedzi
Twoja historia wyników
Nie rozwiązałeś tego quizu